000 01695cam a22004574i 4500
003 PE-LiUPU
005 20250731172724.0
008 150617s r 000 0 d
020 _a843130457X
035 _a(Sirsi) i9788431304577
040 _aPE-LiUPU
_bspa
_cPE-LiUPU
_erda
049 _aPRUA
082 0 4 _a239
_bA31
_221
100 1 _aAgustín, Santo,
_d354-430,
_eautor.
245 1 1 _a¿Por qué Creer? /
_cSan Agustín.
264 1 _aPamplona :
_bEunsa,
_c1980.
300 _a303 páginas ;
_c18 centímetros.
336 _atext
_2rdacontent
337 _aunmediated
_2rdamedia
338 _avolume
_2rdacarrier
505 0 _aIntroducción -- La verdadera religión: introducción, algunas consideraciones generales, la eternidad y el mal, origen del mal, la verdadera religión, la vuelta hacia Dios -- La utilidad de creer: Prefacio a honoratus, la interpretación del antiguo testamento, el camino de la verdadera religión, el discernimiento de la verdadera autoridad.
526 _aSEG42
526 _aSEG41
526 _aSEG40
526 _aSEG39
526 _aP94
526 _aP87
526 _aP86
526 _aP85
526 _aP77
526 _aP76
526 _aP35
650 0 4 _aCreencia y fe.
910 _ajck
_bjvq
_cjck
_d20150616
942 _2ddc
_cBOOK
949 _a239 A31
_wDEWEY
_c1
_i22596
_lCCODEBUL1
_mBUL
_r0
_sY
_tBOOK
_u2015-6-17
_xTEOLOGIA
_PP35
_0COMPRA
_o.STAFF. Colección General
994 _aC0
_bPEPRU
596 _a1
999 _a239 A31
_wDEWEY
_c1264
_i22596
_f2021-11-11
_g5
_lCCODEBUL1
_mBUL
_r0
_sY
_tBOOK
_u2015-6-17
_xTEOLOGIA
_PP35
_0COMPRA
_o.STAFF. Colección General
_d1264
980 _81
_gALBERTO SANCHEZ Responsable de Automatización